| 000 | 00653nam a2200133Ia 4500 | ||
|---|---|---|---|
| 008 | 171212s9999 xx 000 0 und d | ||
| 020 | _a9780833037671 | ||
| 100 | _aJackson, Brian A.;Baker, John C.;Chalk, Peter;Cragin, Kim;Parachini, John V. | ||
| 245 |
_cJackson, Brian A.;Baker, John C.;Chalk, Peter;Cragin, Kim;Parachini, John V. _aAptitude for Destruction, Volume 2 _bCase Studies of Organizational Learning in Five Terrorist Groups |
||
| 260 |
_bRAND Corporation _c2005 |
||
| 650 | _aPolitical Science | ||
| 650 | _aTerrorists; Organizational learning; Terrorism -- Prevention -- Government policy | ||
| 856 | _uwww.jstor.org/stable/10.7249/mg332nij | ||
| 999 |
_c351743 _d351743 |
||